Sermones predicados en la iglesia de Nuestra Señora de París

Salvato in:
Dettagli Bibliografici
Autore principale: Lacordaire, Enrique Domingo (Autore)
Natura: Libro
Lingua:spagnolo
Pubblicazione: París Garnier Hermanos, Libreros Editores 1909
Edizione:1a. ed
Soggetti:
Tags: Aggiungi Tag
Nessun Tag, puoi essere il primo ad aggiungerne!!

MARC

LEADER 00000cam a2200000 a 4500
001 UCD0055
003 CL-VaPUC
008 151112e19090000fr |||||||||||||||||spa|d
082 0 4 |a 291.43  |b LAC  |2 21 
100 |a Lacordaire, Enrique Domingo  |e author  |9 583047 
245 1 0 |a Sermones predicados en la iglesia de Nuestra Señora de París 
250 |a 1a. ed 
300 |a t 
942 |c BK 
945 |d 20151112 20:22:00  |a gsalatino 
260 |a París  |b Garnier Hermanos, Libreros Editores  |c 1909 
650 7 |a SERMONES  |2 CL-VaPUC  |9 317687 
650 0 |a Oratoria  |9 307605 
650 0 |a Predicación  |9 398079 
583 |a last modification  |c 20151112 20:22:00  |k Rodrigo Vera 
999 |c 361677  |d 361675 
952 |0 0  |1 0  |3 erd  |4 0  |6 291_430000000000000_LAC_1909  |7 0  |8 P  |9 472295  |a BIBTEO  |b BIBTES  |c TEO_FTES  |h t.1  |i 5209552  |o 291.43 LAC 1909  |p 5209552  |r 2024-01-18  |w 2019-11-24  |y BK  |z Catalogado en:20151112  |k ICR 
952 |0 0  |1 0  |3 erd  |4 0  |6 291_430000000000000_LAC_1909  |7 0  |8 P  |9 472296  |a BIBTEO  |b BIBTES  |c TEO_FTES  |h t.2  |i 5209560  |o 291.43 LAC 1909  |p 5209560  |r 2024-01-18  |w 2019-11-24  |y BK  |z Catalogado en:20151112  |k ICR